El nuevo liberalismo (Record no. 21800)

MARC details
000 -LEADER
campo de control de longitud fija 00901nam a2200217 i 4500
001 - NÚMERO DE CONTROL
campo de control 21800
003 - IDENTIFICADOR DE NÚMERO DE CONTROL
campo de control ES-MaACL
005 - FECHA Y HORA DE LA ÚLTIMA TRANSACCIÓN
campo de control 20250921063022.0
007 - CAMPO FIJO DE DESCRIPCIÓN FÍSICA--INFORMACIÓN GENERAL
campo de control de longitud fija t|
008 - DATOS DE LONGITUD FIJA--INFORMACIÓN GENERAL
campo de control de longitud fija 021127q1910 sp |||| | spa d
100 1# - ENTRADA PRINCIPAL--NOMBRE DE PERSONA
Nombre de persona Almagro San Martín, Melchor,
Fechas asociadas al nombre 1882-1947
9 (RLIN) 20081
245 13 - MENCIÓN DEL TÍTULO
Título El nuevo liberalismo
Resto del título : ensayo leído la noche del 31 de mayo de 1910 en el Ateneo de Madrid (Sección de Ciencias históricas) /
Mención de responsabilidad, etc. por Melchor Almagro Sanmartín ; con un prólogo del Excmo. Sr. D. José Canalejas y Méndez.
260 ## - PUBLICACIÓN, DISTRIBUCIÓN, ETC.
Lugar de publicación, distribución, etc. Madrid :
Nombre del editor, distribuidor, etc. Sucesores de Hernando,
Fecha de publicación, distribución, etc. 1910.
300 ## - DESCRIPCIÓN FÍSICA
Extensión 31 p. ;
Dimensiones 24 cm.
600 14 - PUNTO DE ACCESO ADICIONAL DE MATERIA--NOMBRE DE PERSONA
Nombre de persona Canalejas, José,
Fechas asociadas al nombre 1854-1912
9 (RLIN) 34382
610 24 - PUNTO DE ACCESO ADICIONAL DE MATERIA--NOMBRE DE ENTIDAD CORPORATIVA
Nombre de entidad corporativa o nombre de jurisdicción como elemento de entrada Ateneo de Madrid-
Subdivisión de forma Conferencias-
Subdivisión cronológica 1900-1939
9 (RLIN) 1907
650 07 - PUNTO DE ACCESO ADICIONAL DE MATERIA--TÉRMINO DE MATERIA
Término de materia o nombre geográfico como elemento de entrada Liberalismo
Fuente del encabezamiento o término embne
9 (RLIN) 14386
710 2# - ENTRADA AGREGADA--NOMBRE DE ENTIDAD CORPORATIVA
Nombre de entidad corporativa o nombre de jurisdicción como elemento de entrada Ateneo de Madrid.
Unidad subordinada Sección de Ciencias Históricas
9 (RLIN) 1981
852 ## - LOCALIZACIÓN
Ubicación ES-MaACL
Número de control de estantería T-1216-F-6
Holdings
Estatus retirado Estado de pérdida Estado de daño No para préstamo Colección Biblioteca de origen Biblioteca actual Ubicación en estantería Fecha de adquisición Fuente de adquisición Total de préstamos Signatura topográfica completa Código de barras Visto por última vez Precio de reemplazo Tipo de ítem Koha
        Colección de folletos Biblioteca del Ateneo de Madrid Biblioteca del Ateneo de Madrid Depósito folletos 17/01/2008     T-1216-F-6 1022407 23/02/2023 23/02/2023 Folleto